000 00489nam a2200193Ia 4500
005 20250923145600.0
008 008 250917s9999 xx 000 0 eng d
037 _aTextual
040 _aDSWL
_beng
_cDSWL
041 _aeng
_2eng
084 _qDSWL
245 0 _aSmoking and its effects on health: Report
_c by W.H.O.
260 _aGeneva
_bW.H.O.
_c1975
300 _a100p.
365 _aINR
_b18.00
925 _g18.00
942 _cTEXL
999 _c1453106
_d1453106